00966nam a2200229 a 450000100100000000500170001000800410002702000150006804000250008310000310010824500540013926000310019330000180022449000260024250000620026850400280033083000330035895201060039195201110049795201110060899900170071900003718920200930080209.0120229s1994 sp ac 000 0 spa d a8420604046 aDO-SdBNPbspacBNPHU1 aEscohotado, Antonio95299110aHistoria de las drogas, 3. /cAntonio Escohotado. aMadrid, :bAlianza,c1994. av.. ;c18 cm.1 aSección Humanidades aLa biblioteca posee una reimpresion de la tercera edicion aBibliografia p: 407-445 0aSección Humanidades963600 0010507-18MOaGRbGRcOId2012-02-29iLF1l0o p37189-10r2020-06-25w2020-06-25y1ZNo se presta 001050718MOaGRbGRcCTd2012-02-29iLF1l0o p37189-20r2020-06-25te. 2w2020-06-25y1ZNo se presta 001050718MOaGRbGRcCTd2012-02-29iLF1l0o p37189-30r2020-06-25te. 3w2020-06-25y1ZNo se presta c36679d36679